Les finances du P.C.F.

Đã lưu trong:
书目详细资料
主要作者: Montaldo, Jean
格式: 图书
语言:Undetermined
出版: Paris Albin Michel 1977
主题:
标签: 添加标签
没有标签, 成为第一个标记此记录!
Thư viện lưu trữ: Trung tâm Học liệu Trường Đại học Cần Thơ
LEADER 00451nam a2200181Ia 4500
001 CTU_82091
008 210402s9999 xx 000 0 und d
082 |a 332 
082 |b M763 
100 |a Montaldo, Jean 
245 0 |a Les finances du P.C.F. 
245 0 |c Jean Montaldo 
260 |a Paris 
260 |b Albin Michel 
260 |c 1977 
650 |a Finance 
904 |i Trọng Hải 
980 |a Trung tâm Học liệu Trường Đại học Cần Thơ